Представление документа в формате MARC21

Поле Инд. ПП Название Значение
Тип записи a
Библиографический уровень m
001 Контрольный номер RU/IS/BASE/361465128
005 Дата корректировки 20140227162337.4
040 a Служба первич. каталог. НБ ТвГУ
b Код языка каталог. rus
e Правила каталог. PSBO
041 0_ a Код языка текста rus
080 a Индекс УДК 37.03:34
084 a Индекс другой классификации/Индекс ББК Ч420.052.6
090 a Полочн. индекс 333 : 34
x Авторский знак С 59
100 1_ a Автор Соколов Яков Владимирович
q Полное имя Соколов Я. В.
245 10 a Заглавие Вопросы охраны природы в правовом воспитании школьников
b Продолж. заглавия (в свете положений Конституции СССР)
c Ответственность науч. ред. Н. А. Сыродоев
260 a Место издания Москва
b Издательство Педагогика
c Дата издания 1979
300 a Объем 61, [2] с.
504 a Библиография Библиогр. в подстроч. примеч.
653 a Ключевые слова Воспитание школьников
a Ключевые слова Охрана природы
a Ключевые слова Педагогика школы
a Ключевые слова Правовое воспитание школьников
a Ключевые слова Экологическое воспитание школьников
700 1_ a Другие авторы Сыродоев Николай Алексеевич
e Роль лиц науч. ред.
901 t Тип документа m
920 a Оператор Стан
954 a Дата поступления на обработку 20110615